[Event "38. MIEDZYNARODOWY MEMORIAL LUDWIKA ZAMENHOFA 2019 - OPEN A"]
[Site "Bialystok"]
[Date "1899-12-30"]
[Round "9.17"]
[White "Bialiauski, Artsiom"]
[Black "Salna, Aleksandras"]
[Result "0-1"]
[WhiteTitle "I"]
[BlackTitle "k"]
[WhiteElo "1944"]
[BlackElo "2020"]

1. d4 2. d5 3. Bf4 4. Nf6 5. e3 6. c6 7. Bd3 8. Bg4 9. Nf3 10. e6 11. Nbd2 12.
Bd6 13. Bg3 14. O-O 15. c3 16. c5 17. dxc5 18. Bxc5 19. O-O 20. Nc6 21. Qc2 22.
Bh5 23. Bh4 24. Bg6 25. Bxg6 26. hxg6 27. Rad1 28. Qb6 29. b4 30. Be7 31. a3 32.
a5 33. e4 34. axb4 35. axb4 36. Rfc8 37. e5 38. Nd7 39. Bxe7 40. Nxe7 41. Qb2
42. Qb5 43. Nb3 44. Nb6 45. Nfd4 46. Qc4 47. Qd2 48. Qxc3 49. Qg5 50. Nf5 51.
Nxf5 52. gxf5 53. Nd4 54. Qxb4 55. Rd3 56. Rc4 57. Rg3 58. Qf8 59. Nf3 60. Rg4
61. Rxg4 62. fxg4 63. Qxg4 64. Nc4 65. h4 66. b5 67. h5 68. b4 69. Rb1 70. Rb8
71. h6 72. b3 73. Qg5 74. b2 75. Nh2 76. f6 77. Qg6 78. Nxe5 79. Qg3 80. Qf7 81.
f4 82. Nc4 83. Ng4 84. f5 85. Nf2 86. Nd2 87. Nd3 88. Nxb1 89. Ne5 90. Qf6 91.
h7+ 92. Kh8 93. Nd7 94. Nc3 95. Nxf6 96. Ne2+ 0-1

[Event "38. MIEDZYNARODOWY MEMORIAL LUDWIKA ZAMENHOFA 2019 - OPEN A"]
[Site "Bialystok"]
[Date "1899-12-30"]
[Round "9.18"]
[White "Jakubowska, Anna"]
[Black "Paszkowski, Krystian"]
[Result "0-1"]
[WhiteTitle "WIM"]
[BlackTitle "I+"]
[WhiteElo "2129"]
[BlackElo "1950"]

1. e4 2. c5 3. d3 4. e6 5. f4 6. d5 7. Be2 8. Nf6 9. e5 10. Ng8 11. Nf3 12. Nh6
13. Be3 14. Nc6 15. c3 16. Nf5 17. Bf2 18. Be7 19. d4 20. cxd4 21. cxd4 22. Qa5+
23. Nc3 24. Bb4 25. Qd2 26. Bxc3 27. bxc3 28. b6 29. O-O 30. Ba6 31. Rfc1 32.
Qa4 33. Bd1 34. Qa3 35. Ne1 36. O-O 37. g4 38. Nh6 39. Bh4 40. Rfc8 41. Bg5 42.
Kh8 43. Bxh6 44. gxh6 45. Kf2 46. Qe7 47. Qe3 48. Qh4+ 49. Kg1 50. Rg8 51. Ng2
52. Qe7 53. Qh3 54. f6 55. Qxh6 56. fxe5 57. dxe5 58. Raf8 59. h3 60. Bd3 61.
Bc2 62. Bxc2 63. Rxc2 64. d4 65. cxd4 66. Nxd4 67. Rf2 68. Qc5 69. Raf1 70. Rg6
71. Qh5 72. Rfg8 73. Kh1 74. Qc6 75. Kh2 76. Nf5 77. g5 78. R6g7 79. Qf3 80. Qc5
81. Rd2 82. h6 0-1

[Event "38. MIEDZYNARODOWY MEMORIAL LUDWIKA ZAMENHOFA 2019 - OPEN A"]
[Site "Bialystok"]
[Date "1899-12-30"]
[Round "9.19"]
[White "Zgadzaj, Rafal"]
[Black "Szydlo, Michal"]
[Result "1-0"]
[WhiteTitle "k"]
[BlackTitle "I+"]
[WhiteElo "2092"]
[BlackElo "1957"]

1. Nf3 2. Nf6 3. b3 4. g6 5. Bb2 6. Bg7 7. g3 8. O-O 9. Bg2 10. d6 11. d4 12. e5
13. dxe5 14. Ng4 15. O-O 16. Nc6 17. c4 18. Ngxe5 19. Nxe5 20. Nxe5 21. Nc3 22.
Re8 23. Qd2 24. Rb8 25. Rad1 26. Be6 27. Nd5 28. Bxd5 29. cxd5 30. Nd7 31. Bxg7
32. Kxg7 33. Rc1 34. Rc8 35. Rc2 36. b6 37. b4 38. f5 39. Rfc1 40. Re7 41. e3
42. Nf6 43. Bf1 44. Rf7 45. Ba6 46. Rb8 47. Bb5 48. Kg8 49. Rc6 50. a5 51. bxa5
52. Ne4 53. Qb4 54. bxa5 55. Qxa5 56. Nc5 57. Rc2 58. Ra8 59. Qc3 60. Ra7 61.
Rxc5 62. dxc5 63. Qxc5 64. Qb8 65. a4 66. Rf6 67. Qc3 68. Rd6 69. Bc6 70. Qd8
71. Rb2 72. Qf6 73. Rb8+ 74. Kg7 75. Qc5 76. Rxc6 77. dxc6 78. Rxa4 79. Rc8 80.
Qa1+ 81. Kg2 82. Ra7 83. Qf8# 1-0